000
00309nam a2200133Ia 4500
008
150201s2010 xx 000 0 und d
082
_a
618.92
_b
E010G
100
_a
GHAI,OP
245
_a
GHAI,ESSENTIAL PEDIATRICS
250
_a
7TH
260
_b
CBS
_a
DELHI
_c
2010
650
_a
PAEDIATRICS
942
_2
ddc
_c
BK
_0
16
999
_c
692
_d
692